Capitalisme, désir et servitude : (Record no. 35710)
[ view plain ]
| 000 -LEADER | |
|---|---|
| campo de control de longitud fija | 00973cam a2200325 a 4500 |
| 001 - NÚMERO DE CONTROL | |
| campo de control | 108130 |
| 005 - FECHA Y HORA DE LA ÚLTIMA TRANSACCIÓN | |
| campo de control | 20230410105405.0 |
| 008 - DATOS DE LONGITUD FIJA--INFORMACIÓN GENERAL | |
| campo de control de longitud fija | 101018s2010 fr b 000 0 fre |
| 035 ## - NÚMERO DE CONTROL DEL SISTEMA | |
| Número de control de sistema | 16536829 |
| 010 ## - NÚMERO DE CONTROL DE LA BIBLIOTECA DEL CONGRESO | |
| Número de control de LC | 2010553592 |
| 020 ## - NÚMERO INTERNACIONAL ESTÁNDAR DEL LIBRO | |
| Número Internacional Estándar del Libro | 9782358720137 |
| 035 ## - NÚMERO DE CONTROL DEL SISTEMA | |
| Número de control de sistema | (FrPJT)JTL00281261 |
| 040 ## - FUENTE DE CATALOGACIÓN | |
| Centro catalogador/agencia de origen | DLC |
| Centro/agencia transcriptor | DLC |
| 042 ## - CÓDIGO DE AUTENTICACIÓN | |
| Código de autenticación | pcc |
| 050 14 - SIGNATURA TOPOGRÁFICA DE LA BIBLIOTECA DEL CONGRESO | |
| Número de clasificación | HB 501 |
| Número de ítem | L867c 2010 |
| 100 1# - ENTRADA PRINCIPAL--NOMBRE DE PERSONA | |
| Nombre de persona | Lordon, Frédéric, |
| Fechas asociadas al nombre | 1962- |
| 245 10 - MENCIÓN DEL TÍTULO | |
| Título | Capitalisme, désir et servitude : |
| Resto del título | Marx et Spinoza / |
| Mención de responsabilidad, etc. | Frédéric Lordon. |
| 260 ## - PUBLICACIÓN, DISTRIBUCIÓN, ETC. | |
| Lugar de publicación, distribución, etc. | Paris : |
| Nombre del editor, distribuidor, etc. | La Fabrique, |
| Fecha de publicación, distribución, etc. | 2010. |
| 300 ## - DESCRIPCIÓN FÍSICA | |
| Extensión | 213 p. ; |
| Dimensiones | 20 cm. |
| 500 ## - NOTA GENERAL | |
| Nota general | Errata slip inserted. |
| 504 ## - NOTA DE BIBLIOGRAFÍA, ETC. | |
| Nota de bibliografía, etc. | Includes bibliographical references (p. 204-213). |
| 650 #0 - PUNTO DE ACCESO ADICIONAL DE MATERIA--TÉRMINO DE MATERIA | |
| Término de materia o nombre geográfico como elemento de entrada | Capitalism |
| Subdivisión general | Social aspects. |
| 650 #0 - PUNTO DE ACCESO ADICIONAL DE MATERIA--TÉRMINO DE MATERIA | |
| Término de materia o nombre geográfico como elemento de entrada | Philosophy and social sciences. |
| 650 #4 - PUNTO DE ACCESO ADICIONAL DE MATERIA--TÉRMINO DE MATERIA | |
| Término de materia o nombre geográfico como elemento de entrada | Capitalismo |
| Subdivisión general | Aspectos Sociales. |
| 650 #4 - PUNTO DE ACCESO ADICIONAL DE MATERIA--TÉRMINO DE MATERIA | |
| Término de materia o nombre geográfico como elemento de entrada | Filosofía y Ciencias Sociales. |
| 923 ## - | |
| -- | 20101026 |
| -- | B00111401 |
| -- | FrPJT |
| 942 ## - ELEMENTOS DE ENTRADA SECUNDARIOS (KOHA) | |
| Fuente del sistema de clasificación o colocación | Clasificación de Library of Congress |
| Tipo de ítem Koha | |
| 985 ## - | |
| -- | VENDOR LOAD |
| 946 ## - PROCESAMIENTO DE INFORMACIÓN LOCAL (OCLC) | |
| a | YSL |
| Estatus retirado | Estado de pérdida | Fuente del sistema de clasificación o colocación | Estado de daño | No para préstamo | Colección | Biblioteca de origen | Biblioteca actual | Ubicación en estantería | Fecha de adquisición | Serial enumeration / chronology | Signatura topográfica completa | Código de barras | Visto por última vez | Copia número | Tipo de ítem Koha |
|---|---|---|---|---|---|---|---|---|---|---|---|---|---|---|---|
| Clasificación de Library of Congress | Ciencias Sociales | Biblioteca Juan Bosch | Biblioteca Juan Bosch | Ciencias Sociales (3er. Piso) | 10/04/2023 | 1 | HB 501 L867c 2010 | 00000101048 | 24/10/2018 | 1 |
